| 000 | 00981cad a22002175a 4500 | ||
|---|---|---|---|
| 001 | E153493 | ||
| 008 | 110802s2011 xxk f s000 0 eng d | ||
| 035 | _a(Sirsi) u153493 | ||
| 041 | 0 | _aeng | |
| 110 | 2 |
_aScottish Environment Protection Agency _93523 |
|
| 245 | 0 | 4 |
_aThe Scottish strategic environmental assessment review _h[electronic resource] |
| 260 |
_aStirling _bSEPA _c2011 |
||
| 520 | _aLooks at the impact of Strategic Environmental Assessment in Scotland over the ten years since the European Directive 2001/42/EC, and the six years since the Environmental Assessment (Scotland) Act 2005. | ||
| 590 | _aKA | ||
| 651 | 4 |
_aScotland _y1999- |
|
| 690 | _aENVIRONMENTAL AND LAND CONSULTANCY-PLANNING AND DEVELOPMENT | ||
| 710 | 1 |
_aHistoric Scotland _92914 |
|
| 710 | 1 |
_aScottish Natural Heritage _92794 |
|
| 856 | 4 | 0 |
_uhttps://www.sepa.org.uk/planning/strategic_environmental_assess/scottish_sea_review.aspx _zView the item free of charge at www.sepa.org.uk |
| 942 | _n0 | ||
| 999 |
_c112552 _d112552 |
||